[Event "FIDE WCh"]
[Site "Moscow RUS"]
[Date "2001.12.01"]
[Round "3.1"]
[White "Anand, Viswanathan"]
[Black "Tkachiev, Vladislav"]
[Result "1/2-1/2"]
[WhiteElo "2770"]
[BlackElo "2632"]
[Annotator "Ubilava, E"]
[PlyCount "95"]
[EventDate "2001.11.27"]
[EventType "swiss"]
[EventRounds "6"]
[Source "EDAMI"]
[SourceDate "2006.12.20"]

{Esta partida, correspondiente a la tercera ronda, está reconocida como una de
las más emocionantes del campeonato en Moscú, y la verdad es que, aunque no
sea perfecta en términos teóricos, tiene en cambio momentos brillantes, donde
ambos jugadores muestran su habilidad para encontrar decisiones impresionantes
en momentos claves.} 1. e4 e5 2. Nf3 Nc6 3. Bb5 a6 4. Ba4 Nf6 5. O-O b5 6. Bb3
Bc5 {Durante la preparación contra Tkachiev, nos hemos fijado en que el
jugador ruso (desde hace tiempo reside en Francia) tiene un repertorio muy
amplio y bien elaborado. Si añadimos a esos componentes, su gran calidad de
juego y la experiencia de decenas de torneos por el sistema KO donde él ha
participado, es fácil entender que el campeón del mundo tenía enfrente un
rival muy peligroso. En relación con la variante Arkhangelsk, que sucedió en
esta partida, Vishy estaba tranquilo, porque tiempo atrás habiamos preparado
una nueva idea, y teníamos ganas de utilizarla.} 7. a4 Rb8 8. c3 d6 9. d4 Bb6
10. Na3 O-O 11. axb5 axb5 12. Nxb5 exd4 13. cxd4 Bg4 {Es una línea que
popularizó Shirov. La idea principal es presionar el centro, sobre todo la
casilla d4, y conseguir un contrajuego activo por el peon sacrificado.} 14. Ra3
$5 $146 {Un intento más, en una posición donde las blancas ya probaron
muchísimas ideas diferentes, y casi siempre las negras han podido sobrevivir a
esos intentos. La última jugada de torre, protege el alfil blanco, que muchas
veces es objeto de ataque por la torre en b8.} Re8 15. Re1 d5 ({No funciona:} 
15... Rxe4 16. Rxe4 Nxe4 17. Bd5 Qe8 18. Re3 {(una virtud más de 14.Ra3)} Ne7
19. Nxc7 Bxc7 20. Bxe4) 16. e5 Ne4 17. Be3 Ba5 $5 {#} ({
El programa de análisis insiste en la variante:} 17... Nxe5 18. dxe5 Bxe3 19.
Rxe3 Rxb5 20. Ba4 Bxf3 {pero después de} 21. Rxf3 Rxb2 22. Bxe8 Qxe8 23. Rfb3
Rd2 24. Qb1 $16 {está claro que las blancas mantienen ventaja.}) 18. Na7 $5 {
Este contragolpe parece definitivo, pero en realidad la verdadera lucha
empieza solo a partir de este momento.} Bxf3 $1 19. gxf3 ({En caso de} 19. Qxf3
Nxd4 20. Bxd4 Bxe1 21. Nc6 Qd7 22. Nxb8 Rxb8 {las negras están bien.}) 19...
Bxe1 20. fxe4 {Este momento requería un profundo cálculo, pero parece que el
gran maestro indio pudo superar la prueba. Veamos algunas de las variantes:} (
20. Nxc6 Bxf2+ 21. Bxf2 Qg5+ 22. Kf1 Nxf2 23. Kxf2 Qh4+ 24. Kf1 ({Pierde} 24.
Kg2 Re6 25. Nxb8 Rg6+ 26. Kh1 Qf2 $19) 24... Qh3+ {
es la respuesta correcta, que lleva la posición a otra dimensión:} (24... Rb6
$2 {da ventaja a las blancas:} 25. Qc2 $1 Qh3+ 26. Ke1 Qh4+ 27. Kd1 Rxc6 28.
Qxc6 Qxd4+ 29. Kc1 Qg1+ 30. Kc2 (30. Bd1 Qg5+ 31. Kb1 Qxe5) 30... Qxh2+ 31. Kb1
Qxe5 32. Ra8 Rf8 33. Bxd5 {y las blancas están mejor.}) 25. Kg1 Rb6 26. Ne7+
Kf8 27. Nxd5 Rg6+ 28. Kf2 Qxh2+ 29. Ke3 c5 {y aquí puede pasar de todo.}) 20...
Nxa7 21. Rxa7 dxe4 {#} 22. Ba4 Bxf2+ $1 ({Después de} 22... Bb4 23. Bxe8 Qxe8
24. Qc2 c5 25. Qxe4 cxd4 26. Bxd4 {
las blancas pueden disfrutar de su peón de ventaja.}) 23. Bxf2 Qg5+ 24. Bg3 ({
En caso de} 24. Kf1 {
las negras tienen una variante increíble para salvar la partida} Rxb2 ({
es mas flojo} 24... e3 25. Bg3 Red8 26. Rxc7 Rxb2 {por} 27. Bc2) 25. Bxe8 Qf4
26. Bxf7+ Kf8 {El rey negro empieza hacer zigzags para evitar la participación
de la dama blanca en el ataque.} (26... Kxf7 27. Rxc7+ Kf8 28. Rc2 $18) 27.
Ra8+ Ke7 28. Qe1 Qxh2 29. Bh4+ g5 $1 (29... Kxf7 30. e6+ $18) 30. Bxg5+ Kxf7
31. e6+ Kg7 $1 32. Bh6+ Kf6 (32... Kxh6 33. Qe3+ Kh5 34. Ra5+ $18) 33. Rf8+ Ke7
34. Rf7+ Ke8 35. Rf8+ $11 (35. Qxe4 {
solo puede crear problemas a las blancas por} Rb1+ 36. Qxb1 Qh1+ 37. Ke2 Qxb1))
24... Red8 25. Rxc7 Qe3+ ({
Las blancas también mantienen mejor posición después de} 25... Rxb2 26. Qf1
Qe3+ 27. Kh1 Qf3+ 28. Qxf3 exf3 29. Kg1 g5 30. Bd7) 26. Kh1 Rxd4 {#} 27. Qb3 $3
{Una jugada impresionante, que deja patente quien manda en la posición.} Qf3+ (
{Pierde} 27... Qxb3 28. Bxb3 Kf8 {por} (28... Rf8 29. e6 fxe6 30. Be5 $18) 29.
Bf2 Rd2 30. Bc5+ Ke8 31. Ba4+ Kd8 32. Rxf7 Rbxb2 33. e6) 28. Kg1 $1 Rdd8 $1 {
A pesar de los golpes recibidos, las negras encuentran la única posibilidad
para seguir luchando en la partida.} 29. Qxf3 exf3 30. b3 g5 31. Bd7 ({
Me parece que después de} 31. Kf2 {
sería mucho mas difícil para las negras luchar con éxito. La idea es si} g4 {
entonces} 32. Ke3 h5 33. Kf4 {activando el rey blanco al máximo.}) 31... Rxd7
$1 {Las negras otra vez encuentran el mejor recurso. No era satisfactoria la
jugada:} (31... Rxb3 {por} 32. e6 Ra8 33. exf7+ Kf8 34. Bd6+ Kxf7 35. Ba4+ Ke6
36. Bxb3+ Kxd6 37. Rxh7 {y las blancas deben ganar.}) 32. Rxd7 Rxb3 33. Rd5 {
para detener el avance del peón "h".} h6 34. Kf2 g4 35. Rd6 Kg7 36. Bf4 h5 37.
Bh6+ Kh7 38. Bd2 Kg7 39. Kg3 Rb1 40. Bh6+ Kg8 41. Rf6 Rb2 42. Bf4 Rb1 43. Bg5
$2 {Con el tiempo que les quedaba a ambos rivales, era muy difícil encontrar
una continuación correcta para ganar esa posición. De todas maneras, si existe
una victoria, encontrarla requiere una investigación más profunda.} Rg1+ 44.
Kf2 (44. Kh4 g3 $1) 44... Rg2+ 45. Kf1 Rxh2 46. Bf4 Rh1+ 47. Kf2 Kg7 48. Rf5 {
De este modo termina esta emocionante partida.} 1/2-1/2

[Event "FIDE WCh"]
[Site "Moscow RUS"]
[Date "2001.12.02"]
[Round "3.2"]
[White "Topalov, Veselin"]
[Black "Zhang Zhong"]
[Result "1-0"]
[WhiteElo "2733"]
[BlackElo "2657"]
[Annotator "Danailov, S"]
[PlyCount "59"]
[EventDate "2001.11.27"]
[EventType "swiss"]
[EventRounds "6"]
[Source "EDAMI"]
[SourceDate "2006.12.20"]

{Esta era la segunda partida de la eliminatoria contra el joven y muy
prometedor GM chino. La primera acabó en tablas, después de unas salvajes
complicaciones.} 1. e4 c5 2. Nf3 d6 3. d4 Nf6 4. Nc3 cxd4 5. Nxd4 a6 6. Be3 e5
7. Nb3 Be6 8. f3 Be7 9. Qd2 h5 {La variante favorita de Zhang Zhong en la
Najdorf. Aunque parece dudosa, todavía nadie ha demostrado una clara
refutación.} 10. Be2 Nbd7 11. Nd5 {La alternativa más tranquila es} (11. a4 {
como jugó recientemente Grischuk contra Zhang Zhong en el match Rusia-China, y
ganó tras una lucha interesante.}) 11... Nxd5 12. exd5 Bf5 13. O-O Qc7 14. c4
b6 {Parece lenta, pero es necesaria. Las blancas amenazaban jugar 15 Na5 y 16
b4, avanzando muy rápido el flanco de dama. Por ejemplo:} (14... Rc8 $5 15.
Rac1 O-O 16. Na5 Rfe8 (16... b6 17. Nc6 $16) 17. b4 {con clara ventaja}) (14...
Nc5 15. Na5 $1 Rc8 16. b4 Nd7 17. Rac1 $16) 15. f4 $1 {
Hay que jugar enérgicamente, si no la ventaja se esfumará.} g6 {
Prácticamente es la única respuesta.} 16. Rad1 a5 {Si} (16... Nc5 $2 17. Nxc5
bxc5 (17... dxc5 18. d6 $18) 18. fxe5 $18) 17. fxe5 Nxe5 18. Rxf5 $1 {
# Las blancas no dejan a su rival tiempo para respirar. Si} (18. Nd4 Bd7 {
y aunque la posición blanca parece muy prometedora, no se ve muy claro como
pueden desarrollar la iniciativa.}) 18... gxf5 19. Nd4 Ng4 {Pero no} (19... Qd7
$2 20. c5 $1 $18) ({En cambio} 19... Rg8 $5) (19... Bf6 $5 {
son las alternativas.}) 20. Nc6 $1 Rg8 $6 {La defensa mas dura era} (20... Bf6
$1 {con idea de evacuar el rey negro por f8 y las negras siguen en la partida.
Ahora el ataque es imparable.}) 21. Rf1 $1 Ne5 (21... Qd7 22. Bxb6 $18) 22.
Rxf5 {Las piezas blancas dominan claramente, y la resistencia de las negras
toca a su fin.} Nxc6 (22... h4 23. Bh5 $18) 23. dxc6 O-O-O (23... Qxc6 24. Bf3
Qd7 25. Qd5 Bd8 26. Bxh5 Ra7 27. Rxf7 Qxf7 28. Qe6+ Kf8 29. Bh6+ Rg7 30. Bxf7
Raxf7 31. Qxd6+ Ke8 32. Bxg7 Rxg7 $18) 24. Qd5 $18 {El resto ya es fácil.} Rde8
25. Rxf7 Kb8 26. Bf4 Ka7 27. c5 $1 bxc5 28. Bxd6 Bxd6 29. Rxc7+ Bxc7 30. Qb3 {
Y las negras abandonaron.} 1-0

[Event "FIDE WCh"]
[Site "Moscow RUS"]
[Date "2001.12.06"]
[Round "5.1"]
[White "Anand, Viswanathan"]
[Black "Shirov, Alexei"]
[Result "1-0"]
[WhiteElo "2770"]
[BlackElo "2706"]
[Annotator "Anand, Viswanathan"]
[PlyCount "87"]
[EventDate "2001.11.27"]
[EventType "swiss"]
[EventRounds "6"]
[Source "EDAMI"]
[SourceDate "2006.12.20"]

1. e4 e5 2. Nf3 Nf6 {Esto no era difícil de predecir. Shirov y Topalov
acababan de terminar un match donde en 5 de las 7 partidas se jugó la Petrov,
y Shirov utilizó esta defensa en cada partida que jugó con negras.
Naturalmente, alguien debería explicarles a esos chicos que la Petroff es un
arma de tablas.} 3. Nxe5 d6 4. Nf3 Nxe4 5. d4 d5 6. Bd3 Nc6 7. O-O Be7 8. c4
Nb4 9. Be2 O-O 10. Nc3 Be6 11. Ne5 (11. Be3 {Esta fue la línea principal de su
match, utilizada en 4 de las 5 Petrovs, pero sentí que sería casi imposible
sorprenderle aquí, y decidí continuar según mi preparación.}) 11... c5 12. Nxe4
dxe4 13. d5 Bc8 {La jugada que revitalizó 11...c5} (13... Bf5 14. a3 Na6 {
Ivanchuk-Anand Varsovia blitz 2000. Pero, 13...Bc8 es más precisa que 13...Bf5}
) 14. a3 Na6 15. Qc2 {15.f4transpondría a mi partida con Ivanchuk (!y también
a otras muchas partidas!), pero creo que 15.Qc2 es más fuerte.} f6 16. Ng4 Qd6
{Su mejora a la partida que jugó con Topalov} (16... Bd6 17. f4 exf3 18. Bxf3
Qc7 19. g3 Bd7 20. Nf2 $14 {Topalov-Shirov Moscú 2001}) 17. f3 (17. Ne3 f5 18.
f4 Bf6 {Esto parece bueno para las negras}) ({Más interesante es} 17. g3 f5 (
17... Bxg4 18. Bxg4 f5 19. Bh3 {seguido de f2-f3}) 18. Bf4 Qb6 (18... Qd8 19.
Ne3 (19. Ne5 $2 Bd6) 19... g5 (19... Bf6 20. h4 $14) 20. Be5 Bd6 (20... f4 21.
Ng4 $16) 21. Bc3 (21. Bxd6 Qxd6 22. f4 exf3 23. Rxf3 f4 24. gxf4 $16)) 19. Ne3
(19. Ne5 Bd6 $17) 19... Bf6 (19... Bd6 20. Ng2 Bd7 21. f3 $14) (19... g5 20. d6
$1 (20. Be5 $5 f4 21. gxf4 gxf4 22. Kh1 $1 Bf6 23. Rg1+ Kh8 24. Qxe4 fxe3 25.
fxe3 {es más simple invertir el orden} (25. Bd3 Rf7 26. fxe3 Bxe5 27. Qxe5+ Qf6
{y ahora Fritzy dice} 28. Raf1 Qxe5 29. Rxf7 $18) 25... Bh3 26. Bd3 Rf7 27. Rg3
$18)) 20. h4 (20. Nd1 {no creo que Shirov perdiera mucho de su sueño en esto.})
20... Qxb2 21. Qxb2 Bxb2 22. Ra2 {las blancas tienen compensación, pero no más}
) 17... f5 18. Nf2 Bf6 {Shirov estaba todavía en terreno preparado, pues jugó
esta y la siguientes jugadas muy rápido.} 19. fxe4 Be5 20. h3 Bd4 21. e5 $1 (
21. exf5 Bxf5 {No hace falta ser Shirov para darle mate al blanco aquí.}) (21.
Kh1 Qg3 22. Nd3 fxe4 23. Rxf8+ Kxf8 24. Bf4 exd3 25. Bxd3 Qxf4 $1 26. Rf1 Qxf1+
27. Bxf1 g6 $15) 21... Qxe5 22. Kh1 {Las blancas están listas para liberarse.
Con el peón pasado en d5 y la debilidad de las negras en f5, yo estaba
razonablemente optimista.} Bd7 23. Nd3 Ba4 $2 {Debo admitir que esto me cogió
completamente por sorpresa, pero no merecía la pena. Mejor hubiera sido 23...
Qf6} 24. Qxa4 Qxe2 25. Rf3 {las blancas cubren todas las casillas importantes
en la primera fila, y con la eliminación del alfil de casillas blancas, las
negras no tienen defensa en la columna "e".} Rae8 (25... b5 $2 26. cxb5 (26.
Qxa6 Qd1+ 27. Kh2 Qg1+ 28. Kg3 Rf6) 26... Nc7 27. Bf4 Nxd5 28. Re1 $18) 26. Bf4
{Enfrentado a 27.Re1, !Las negras deciden ignorarlo!} h6 (26... Qe7 27. Re1 $16
) 27. Bd6 $1 (27. Re1 Qxe1+ 28. Nxe1 Rxe1+ 29. Kh2 g5 {
no necesité ver mucho más lejos.}) (27. Bg3 $2 {intentando lograr Re1, falla}
Re3 $1) 27... Rf6 28. Nf4 Qe4 29. Ne6 $1 {Era reacio a permitir al negro
sacrificar la calidad y quedarme sin el caballo y el peón pasado, pero
eventualmente me convencí de que ello era bueno para las blancas. (!La falta
de alternativas ayudó lo suyo!)} Rexe6 30. dxe6 Qxe6 31. Bg3 Bxb2 {
Las negras intentan conseguir tantos peones como sea posible, por la calidad.}
32. Re1 (32. Rb1 $2 {rechacé esto debido a} Bd4 33. Rxb7 f4 {
esto me parecía el final de la historia, pero más tarde Fritzy encontró:} 34.
Bh4 g5 (34... Qe2 $1 {sin embargo, parece que funciona, después de todo.} 35.
Rxg7+ Kxg7 36. Bxf6+ Kxf6 37. Rxf4+ Ke7) 35. Bf2 $1 {y ahora} Bxf2 36. Rxf2
Qe1+ 37. Kh2 Qxf2 {es imposible} 38. Qe8+ $18) 32... Qf7 33. Bh4 $1 Re6 (33...
g5 34. Rfe3 $18) 34. Rxe6 Qxe6 35. Qc2 Bd4 36. Qxf5 Qxc4 {Las negras no han
salido mal, materialmente hablando, pero están mal a causa de su caballo en a6.
} 37. Kh2 $1 Qe2 (37... Qc1 38. Qd5+ Kh7 39. Qe4+ Kg8 40. Be7 $1 $18) 38. Bg3
$1 {Dejando el caballo en a6 inutilizado.} Qd1 39. Rf1 Qb3 40. Qe4 (40. Qc8+ {
hubiera sido más rápido} Kh7 41. Rf8 Qb1 42. Rh8+ Kg6 43. Qe8+ $18) 40... Qb5 (
40... Bf6 41. Rxf6 gxf6 42. Qg6+ Kh8 43. Qxh6+ Kg8 44. Qg6+ Kh8 45. Qxf6+ Kh7
46. Qf5+ {lleva al mate}) 41. Qe6+ Kh7 42. Qf5+ Kg8 43. Qc8+ Kh7 44. Rf8 {
Ganando de corrido. Mis mejores dos dias en el torneo.} 1-0

[Event "FIDE WCh"]
[Site "Moscow RUS"]
[Date "2001.12.08"]
[Round "6"]
[White "Svidler, Peter"]
[Black "Ponomariov, Ruslan"]
[Result "0-1"]
[WhiteElo "2695"]
[BlackElo "2684"]
[Annotator "Ubilava, E"]
[PlyCount "88"]
[EventDate "2001.11.27"]
[EventType "swiss"]
[EventRounds "6"]
[Source "EDAMI"]
[SourceDate "2006.12.20"]

{Una partida que, desde el principio, parecía muy tranquila e inofensiva, pero
de repente se convierte en una pesadilaa para las blancas. En el medio juego,
las negras encuentran un recurso que cambia la posición a favor del joven
ucraniano.} 1. e4 e5 2. Nf3 Nf6 {Es difícil encontrar algún jugador que hoy en
día no tenga en su repertorio la defensa Petrov. La solidez de esta variante,
muchas veces pone en entredicho cualquier intento de las blancas para romper
la igualdad.} 3. d4 {La continuación} (3. Nxe5 {tiene más seguidores.}) 3...
Nxe4 4. Bd3 d5 5. Nxe5 Nd7 6. Nxd7 Bxd7 7. O-O Bd6 8. c4 c6 9. cxd5 cxd5 10.
Nc3 {Se han hecho muchos intentos con} (10. Qh5 {
pero las blancas no han podido demostrar nada después de} O-O 11. Qxd5 Bc6 12.
Qh5 g6 13. Qh3 Ng5 {etc...}) 10... Nxc3 11. bxc3 O-O 12. Qh5 f5 ({
Las negras pueden jugar} 12... g6 {
En la partida Rublevsky -Vallejo. Ohrid 2001 se continuó} 13. Qxd5 Qc7 14. Qf3
Bxh2+ 15. Kh1 Bd6 16. c4 Rfe8 17. c5 Bf8 18. Be4 Bc6 19. d5 Bb5 20. d6 Qxc5 21.
Bd5 {y parece que las blancas están mejor.}) 13. Re1 Qc7 14. Bd2 Rae8 15. Bc2 {
Las blancas todavía intentan presionar a su rival, trasladando su alfil a b3 y
poniendo la dama en f3. Parece que Svidler no vio la réplica de su contricante,
y de repente se mete en problemas. Por supusto, las blancas podían cambiar las
cuatro torres con tablas.} g6 16. Qf3 $6 {#} (16. Qh4 {era mejor.}) 16... Re4
$1 {Este tipo de jugadas normalmente tiene un efecto importante sobre la
partida. Puedo imaginar que el gran maestro ruso no tomó muy en serio este
recurso de su rival, y ahora queda en una posición desagradable. Para las
negras no vale la continuación} (16... Bxh2+ 17. Kh1 Bd6 18. Bb3 Kg7 19. Bxd5 {
y las blancas están ligeramente mejor.}) 17. g3 ({
Quizás había que entrar en la línea} 17. Bb3 Bc6 18. Rxe4 fxe4 19. Qxe4 Bxh2+
20. Kh1 (20. Kf1 Bb5+ $19) 20... Rxf2 21. Bxd5+ Bxd5 22. Qxd5+ Kg7 {
aunque las posibilidades parecen preferibles para Ponomariov.}) 17... Bb5 18.
Bf4 Bxf4 19. gxf4 Qd6 $1 {Las negras actúan muy seguras de sus posibilidades
demostrando la gran potencia de su posición.} 20. Bxe4 fxe4 21. Qg3 Rxf4 22.
Rab1 $6 (22. Re3 {era necesario.}) 22... Bd7 23. f3 b6 $1 {
Otra jugada preventiva.} 24. Re3 Qf6 25. Rf1 Bg4 {Las blancas no tienen otro
remedio que sacrificar su dama. Formalmente, dos torres serían suficientes
para igualar la posición, pero con el rey expuesto y la estructura de peones
destrozada, la posición es muy difícil de defender.} 26. Qxg4 Rxg4+ 27. fxg4
Qg5 28. Rg3 b5 29. Rf2 Kg7 {Parece que Ponomariov tiene mucho gusto en hacer
jugadas preventivas que fortalecen su posicion aún más.} 30. Kg2 a5 31. Rb2 b4
$1 {Esta maniobra deja indefenso el peón en d4.} 32. cxb4 axb4 33. h3 Qc1 34.
Rgb3 Kh6 {Las negras llevan su rey a f4, y eso convierte la posición en
ganadora, porque las blancas no pueden al mismo tiempo proteger su peón en d4
y defenderse contra la acción conjunta de la dama, el rey, y el peon e4.} 35.
Rxb4 Qd1 36. Kf2 Kg5 37. Re2 Kf4 38. Rb3 Qxd4+ 39. Kg2 Qc4 40. Rf2+ Kg5 41. Rf7
d4 42. h4+ Kxh4 43. Rxh7+ Kxg4 44. Rg3+ Kf5 0-1